Marosvásárhelyi Rádió
Elmentve itt :
| Szerző: | |
|---|---|
| Adatforrás: | Meister |
| Forrásdokumentuma: | Művelődés. - 3 sz., 1998, 18 p. |
| Nyelv: | magyar |
| Kulcsszavak: | intézménytörténet rádió mass-media Marosvásárhely Radio Contact |
| LEADER | 00437nab a2200169 i 4500 | ||
|---|---|---|---|
| 001 | bibPRO00001436 | ||
| 008 | 060524s1998 xx hun | ||
| 040 | |a Sz1 | ||
| 041 | |a hun | ||
| 100 | 1 | |a BAKÓ Károly | |
| 245 | 1 | 0 | |a Marosvásárhelyi Rádió |c BAKÓ Károly |
| 695 | |a intézménytörténet | ||
| 695 | |a rádió | ||
| 695 | |a mass-media | ||
| 695 | |a Marosvásárhely | ||
| 695 | |a Radio Contact | ||
| 773 | 0 | |t Művelődés. - |g 3 sz., 1998, 18 p. | |